1204 1492 1457 1065 1986 1289 1383 1594 1888 1206 1032 1629 1067 1888 1296 1557 1145 1930 1059 1332 1764 1153 1129 1334 1083 1637 1194 1588 1197 1774 1463 1996 1380 1212 1920 1485 1165 1831 1386 1311 1705 1586 1214 1161 1649 1906 1266 1721 1826 1086 1477 1430 1209 1938 1425 1064 1197 1029 1825 1823 1126 1585 1630 1038 1239 1201 1697 1359 1892 1501 1546 1446 1216 1154 1667 1513 1706 1185 1405 1791 1349 1360 1622 1953 1017 1830 1019 1307 1752 1276 1438 1211 1889 1479 1621 1938 1260 1016 1017 BCNSPRNW ULIB Ver.6.0+V

เปลี่ยนเป็นภาษาไทย

Change to English
 แสดงรายละเอียดบรรณานุกรม
  กลับหน้าหลัก

Brief Record : Get Marc (ISO 2709) : E-mail record : QR code < ปิดหน้าต่าง
LEADER : 00000nam 2200000uu 4500
001    13399112432
003     ULIB
008    110815s2548||||th 000 0 tha d
020    9745347043
040    bad
050  4 HM251^bส722จ 2548
100 0  สิทธิโชค วรานุสันติกูล
245 10 จิตวิทยาสังคม :^bทฤษฏีและการประยุกต์ = Social psychology:^btheories and applications /^cสิทธิโชค วรานุสันติกูล
246 31 Social psychology: theories and applications
260    กรุงเทพฯ :^bซีเอ็ดยูเคชั่น,^c2548
300    346 หน้า ;^c26 ซม.
650  7 จิตวิทยาสังคม
945    ^p220^l0^i020065
945    ^p220^l0^i023088
945    ^p220^l0^i023089
945    ^p220^l0^i023090
995    ทศพร
999 ^a ทศพร
รายการนี้ยังไม่มีแท็ก
คุณยังไม่ได้ล็อกอิน คุณสามารถมีกิจกรรมร่วมกับเว็บไซต์ได้ แต่ต้องล็อกอินก่อน ::
  ล็อกอิน

รายการสื่อสารสนเทศ

ลำดับที่ ประเภท เลขเรียก/บาร์โค้ด สถานที่ สถานะ
- ไม่พบข้อมูล -

รายการใกล้เคียง
    ผู้แต่ง [สิทธิโชค วรานุสันติกูล]

    หัวเรื่อง [จิตวิทยาสังคม]

BibComment


ยังไม่เคยถูกคอมเมนท์

คอมเมนท์ทรัพยากรรายการนี้
  คอมเมนท์: จิตวิทยาสังคม ทฤ..


 Copyright 2026. Bcnsprnw @Library